LIBRARY & INFORMATION CENTRE, KCAET, TAVANUR

ONLINE PUBLIC ACCESS CATALOGUE (OPAC)

Principles of electricity: a text book in electricity and magnetism / (Record no. 8806)

MARC details
000 -LEADER
fixed length control field 00461cam a2200169ua 4500
041 ## - LANGUAGE CODE
Language code of text/sound track or separate title eng
082 ## - DEWEY DECIMAL CLASSIFICATION NUMBER
Classification number 621.3
Item number PAG/PR
100 ## - MAIN ENTRY--AUTHOR NAME
Personal name Page, Leigh .
245 ## - TITLE STATEMENT
Title Principles of electricity: a text book in electricity and magnetism /
250 ## - EDITION STATEMENT
Edition statement 2 /
260 ## - PUBLICATION, DISTRIBUTION, ETC. (IMPRINT)
Place of publication New Delhi :
Name of publisher S.Chand and Co ,
Year of publication 1955.
300 ## - PHYSICAL DESCRIPTION
Number of Pages 468 ; .
700 1# - ADDED ENTRY--PERSONAL NAME
Personal name Adams , Norman itsley .
942 ## - ADDED ENTRY ELEMENTS (KOHA)
Koha item type Books
Holdings
Withdrawn status Lost status Damaged status Home library Current library Date acquired Full call number Accession Number Koha item type
      KAUAET KAUAET 07/04/2012 621.3 1832 Books
free website counter